000 01019nam a2200301Ia 4500
005 20250425162113.0
008 250425s9999 xx 000 0 und d
020 _a8420530360
041 _aspa
043 _asp
082 _a658.5
100 _aJAY HEIZER
245 0 _aDIRECCION DE LA PRODUCCION: DECISIONES TACTICAS
250 _a6A ED.
260 _aEspaña
_bPEARSON EDUCACION S.A.
_c2001
260 _aMADRID
300 _a494
500 _aINCLUYE 01 CD
500 _aTítulo Traducido: OPERATIONS MANAGEMENT
520 _aESTE LIBRO CONTIENE: -OPERACIONES DE DIRECCION:DIRECCION DE LA CADENA DE SUMINISTRO. COMERCIO ELECTR4ONICO Y DIRECCION DE OPERACIONES. GESTION DEL INVENTARIO. SISTEMAS JUST IN TIME. PLANIFICACION AGREGADA. PLANIFICAION DE NECESIDADES DE MATERIALES (
650 _aCOMERCIO ELECTRONICO
650 _aGESTION DE LA PRODUCCION
650 _aSIMULACION
650 _aTOMA DE DECISIONES
700 _aYAGO MORENO LOPEZ
_etraductor
942 _c01
010 _a50371
999 _c222407
_d222407